01372nam a2200265 i 4500003000500000005001700005007000300022008004100025020001800066040002500084050001000109082002100119100003600140245010300176264005500279300005200334336001400386337002600400338002400426505048500450650004200935650004000977650005301017650003601070CSPC20250717100129.0ta250717s2012 ph aa 000 0 eng d a9789716350517 aCSPCbengcCSPCerda aHM766 a307.09599bM311p1 aManalili, Angelito G.,eauthor.00aPag-oorganisa ng pamayanan tungo sa kaunlaran na mula sa tao para sa tao / cAngelito G. Manalili. 1aQuezon City : bSentro ng Wikang Filipino, c2012. axxviii, 345 pages ;bwith illustrationsc23 cm. atextbtxt aunmediated brdamedia avolume brdacarrier0 aPanimula -- Pag-oorganisa ng pamayanan tuloy-tuloy na pakikipaglakbay sa mga dukha at pinagkaitan ng kapangyarihan -- Perspektibong pangkasaysayan ng pag-oorganisa ng pamayanan (ang kasaysayan ng sambayanang Filipino ay kasaysayan ng pag-oorganisa at sama-samang pagkilos ng masa para sa kalayaan at kagalingan panlipunan -- Pangkabuuang larawan ng pag-oorganisa ng pamayanan na ginagawa para sa tao -- Pagpapaunlad para kanino? tungo sa kaunlarang mula sa tao, para sa tao -- ... 4aCommunity Organization zPhilippines  4aCommunity DevelopmentzPhilippines  4aCommunity Development zPhilippines -- Research  4aEconomic Development Projects